Statistiche per Classifica Serie A 2016-2017

Clicka qui per fare il quiz!

Statistiche generali

  • Questo quiz è stato fatto 23 volte
  • Il punteggio medio è 18 su 20

Statistiche sulle risposte

SquadraPuntiVintePareggiatePerseGol fattiGol subiti% Corretto
Inter62195147249
100%
Juventus9129457727
100%
Lazio70217107451
100%
Napoli8626849439
100%
Roma8728379038
100%
Atalanta7221986241
95%
Bologna41118195059
95%
Empoli3288222961
95%
Fiorentina601612106357
95%
Milan63189115745
95%
Sampdoria481212144955
95%
Udinese45129175756
95%
Cagliari47145195576
89%
Genoa3699203864
89%
ChievoVerona43127195361
84%
Palermo2668243377
84%
Sassuolo46137185863
84%
Torino531314117166
84%
Pescara1839263781
79%
Crotone3497223458
74%

Distribuzione punteggi

Percentile per numero di risposta

Percentuale di utenti per punteggio

I tuoi punteggi nel tempo

Non hai fatto questo quiz